Normal view
MARC view
Entry Meeting Name
001 - CONTROL NUMBER
- control field: 9780
003 - CONTROL NUMBER IDENTIFIER
- control field: OSt
005 - DATE AND TIME OF LATEST TRANSACTION
- control field: 20211105133159.0
008 - FIXED-LENGTH DATA ELEMENTS
- fixed length control field: 211105|| aca||aabn | a|a d
040 ## - CATALOGING SOURCE
- Original cataloging agency: OSt
- Transcribing agency: OSt
111 ## - HEADING--MEETING NAME
- Meeting name or jurisdiction name as entry element: NATO Advanced Study institute on Astronomical Society of the Pacificects of Signal Processing with Emphasiss on Underwater Acoustics pt 1
- Location of meeting: Portovenere, La Spezia, Italy
- Date of meeting or treaty signing: 1976 Aug 30-Sep 11
670 ## - SOURCE DATA FOUND
- Source citation: Work cat.: (OSt): NATO Advanced Study institute on Astronomical Society of the Pacificects of Signal Processing with Emphasiss on Underwater Acoustics pt 1 Portovenere, La Spezia, Italy 1976 Aug 30-Sep 11, Aspects of Signal processing, 1977